Horizons in physical geography /

Bibliographic Details
Other Authors: Clark, M. J., Gregory, K. J. (Kenneth John), Gurnell, A. M. (Angela M.)
Format: Book
Language:English
Published: Totowa, NJ : Barnes & Noble, 1987.
Subjects:

MARC

Tag First Indicator Second Indicator Subfields
LEADER 00000cam a22000008a 4500
001 in00000032193
005 20151007060425.0
008 870413s1987 njua b 00100 eng
010 |a  87011427  
020 |a 0389207527 
035 |a (OCoLC)15631384 
035 |9 AAC0814AM 
040 |a DLC  |c DLC  |d m/c  |d OCL  |d TXA  |d UtOrBLW 
049 |a TXAM  |c [A10937743] 
050 0 0 |a GB54.5  |b .H67 1987 
082 0 |a 910/.02  |2 19 
245 0 0 |a Horizons in physical geography /  |c edited by Michael J. Clark, Kenneth J. Gregory and Angela M. Gurnell. 
263 |a 8709 
264 1 |a Totowa, NJ :  |b Barnes & Noble,  |c 1987. 
300 |a xiv, 395 pages :  |b illustrations ;  |c 25 cm. 
336 |a text  |b txt  |2 rdacontent 
337 |a unmediated  |b n  |2 rdamedia 
338 |a volume  |b nc  |2 rdacarrier 
504 |a Includes bibliographies and index. 
650 0 |a Physical geography. 
700 1 |a Clark, M. J. 
700 1 |a Gregory, K. J.  |q (Kenneth John) 
700 1 |a Gurnell, A. M.  |q (Angela M.) 
999 |a MARS 
999 f f |s 2c970da4-7b99-34df-8e98-362c9cd2b962  |i 96d87404-3794-38df-8159-290db92d8bc2  |t 0 
952 f f |p ric  |a Texas A&M University  |b Rellis Campus  |c Joint Library Facility  |d Remote Storage  |t 0  |e GB54.5 .H67 1987  |h Library of Congress classification  |i unmediated -- volume  |m A14810937743 
998 f f |a GB54.5 .H67 1987  |t 0  |l Remote Storage